drapeaux Aléatoirs - Statistiques

Statistiques générales
  • Ce quiz a été pris 51 fois
  • Le résultat moyen est 13 sur 15
Statistiques - réponses
Par images Réponse % Correct
France
100%
Chine
98%
Pays Bas
96%
Roumanie
94%
Nouvelle Zélande
92%
Monaco
90%
Bangladesh
88%
Kosovo
88%
Sérbie
88%
Chili
86%
Kenya
86%
Indonésie
82%
Ouganda
71%
Bahamas
67%
Burkina Faso
63%
Aucun quiz correspondant
Distribution des résultats
% des personnes avec chaque résultat
Percentile par nombre de réponses
Votre historique - résultats
Vous n’avez pas pris ce quiz